| 000 | 00558cam a22002171 4500 | ||
|---|---|---|---|
| 001 | 6453554 | ||
| 005 | 20180215045430.0 | ||
| 008 | 760811s1943 xx 000 0 eng | ||
| 010 | _a 43001095 | ||
| 035 | _a(OCoLC)2366655 | ||
| 040 |
_aDLC _cOTU _dDLC |
||
| 041 | _aeng | ||
| 042 | _apremarc | ||
| 080 | _a589.95 SAL | ||
| 082 | _a589.95 SAL | ||
| 100 | 1 | _a4 | |
| 101 | _aSHM | ||
| 245 | 1 | 0 |
_aLaboratory manual on Fundamental principles of bacteriology, _cby A. J. Salle. |
| 906 |
_a7 _bcbc _coclcrpl _du _encip _f19 _gy-gencatlg |
||
| 942 |
_2ddc _cBK |
||
| 999 |
_c42620 _d42620 |
||